| 000 | 00701nam a22002177a 4500 | ||
|---|---|---|---|
| 003 | OSt | ||
| 005 | 20240611083827.0 | ||
| 006 | a | ||
| 008 | 240611b |||||||| |||| 00| 0 eng d | ||
| 020 | _a9781285115382 | ||
| 040 |
_aDWCL-Main lib. _cOC |
||
| 082 |
_2Philippine edition _aCirc. 179 B858c 2012 |
||
| 100 | _aBrinkman, William B. John II | ||
| 245 | _aComputer ethics / | ||
| 250 | _aPhilippine edition | ||
| 260 |
_aSingapore : _bCengage Learning Asia, _cc2012. |
||
| 300 |
_axiv, _b274 p. : ill. (some col.) ; _c23 cm. |
||
| 650 | _a1. Electronic data processing–Moral and ethical aspects. | ||
| 700 | _aWilliam B. John II Brinkman | ||
| 942 |
_2ddc _n0 _cBK-CIRC _ePhilippine edition _kCirc. |
||
| 999 |
_c568 _d568 |
||